The voyage begun /

Living in the not-so-distant future when the energy supply has been almost depleted, a teenage boy explores the deserted colonies near his father's Cape Cod research station and begins to understand the long-term effects of recent climate and weather changes and environmental pollution.

Bibliographic Details
Main Author: Bond, Nancy
Format: Book
Language:English
Published: New York : Atheneum, 1981.
Edition:1st ed.
Subjects:

MARC

Tag First Indicator Second Indicator Subfields
LEADER 00000cam a22000008a 4500
001 in00000085266
005 20151008055821.0
008 810424s1981 nyu j 00011 eng
010 |a  81003481  
020 |a 0689502044 
035 |a (OCoLC)07552900 
035 |9 AAJ4466AM 
039 0 |a 2  |b 3  |c 3  |d 3  |e 3 
040 |a DLC  |c DLC  |d TXA  |d UtOrBLW 
049 |a TXAS  |c [1422303] 
050 0 0 |a PZ7.B63684  |b Vo 
082 0 |a [Fic]  |2 19 
100 1 |a Bond, Nancy. 
245 1 4 |a The voyage begun /  |c Nancy Bond. 
250 |a 1st ed. 
263 |a 8110 
264 1 |a New York :  |b Atheneum,  |c 1981. 
300 |a 319 pages ;  |c 25 cm. 
336 |a text  |b txt  |2 rdacontent 
337 |a unmediated  |b n  |2 rdamedia 
338 |a volume  |b nc  |2 rdacarrier 
500 |a "An Argo book." 
500 |a "A Margaret K. McElderry book." 
500 |a "Jacket painting by Victor Mays"--Dust jacket. 
520 |a Living in the not-so-distant future when the energy supply has been almost depleted, a teenage boy explores the deserted colonies near his father's Cape Cod research station and begins to understand the long-term effects of recent climate and weather changes and environmental pollution. 
650 1 |a Ecology  |x Fiction. 
650 1 |a Pollution  |x Fiction. 
999 |a MARS 
999 f f |s 900d9f71-3858-3390-bd9a-c3aaaf06e989  |i 1ab7d546-3938-370d-b937-c8208381ab9f  |t 0 
952 f f |p noncirc  |a Texas A&M University  |b College Station  |c Cushing Memorial Library & Archives  |d Cushing: Science Fiction (Does not check out)  |t 0  |e PZ7.B63684 Vo  |h Library of Congress classification  |i unmediated -- volume  |m A14806069350 
998 f f |a PZ7.B63684 Vo  |t 0  |l Cushing: Science Fiction (Does not check out)